[Event "Titled Tuesday intern op 12th Sep Early"]
[Site "Chess.com INT"]
[Date "2023.09.12"]
[Round "8"]
[White "Oparin, Grigoriy"]
[Black "Cherniaiev, Tykhon"]
[Result "1-0"]
[WhiteElo "2681"]
[BlackElo "2278"]
[PlyCount "215"]
[EventDate "2023.09.12"]
[EventType "swiss (blitz)"]
[EventRounds "11"]
[EventCountry "USA"]
[SourceTitle "EXT 2024"]
[Source "ChessBase"]
[SourceDate "2023.10.10"]
[SourceVersion "1"]
[SourceVersionDate "2023.10.10"]
[SourceQuality "1"]

1. d4 Nf6 2. Nf3 e6 3. c4 d5 4. g3 Be7 5. Bg2 0-0 6. Nc3 h6 7. 0-0 c5 8. cxd5 exd5 9. dxc5 Bxc5 10. Na4 Be7 11. Be3 Nc6 12. Rc1 Bg4 13. Bc5 Re8 14. Re1 Qa5 15. a3 Ne4 16. Bxe7 Rxe7 17. b4 Qb5 18. Nc5 Rae8 19. Qxd5 Nf6 20. Qc4 Qxc4 21. Rxc4 Rxe2 22. Rxe2 Rxe2 23. h3 Bxf3 24. Bxf3 Re1+ 25. Kg2 Ne5 26. Rc3 b6 27. Nd3 Nxd3 28. Rxd3 Ra1 29. Bd1 g6 30. Bb3 Kg7 31. Bc4 Rc1 32. Bb5 Rc2 33. Re3 a5 34. bxa5 bxa5 35. Re5 Ra2 36. a4 Rd2 37. Bc6 Rd6 38. Bf3 Ra6 39. Rb5 Ne8 40. Be2 Ra7 41. Rb6 Nc7 42. Bc4 Kf8 43. h4 h5 44. f3 Ne8 45. g4 Rc7 46. Bb5 Ke7 47. gxh5 gxh5 48. Ra6 Nd6 49. Rxa5 Nf5 50. Bd3 Nxh4+ 51. Kf2 Ng6 52. Ra8 Ne5 53. Be2 Nc6 54. a5 Ra7 55. Rxa7+ Nxa7 56. Kg3 Kf6 57. Kh4 Kg6 58. Bd3+ Kh6 59. a6 Nc6 60. Be4 Na7 61. Bd5 f6 62. Bf7 Nc6 63. Bxh5 Na7 64. Be8 Nc8 65. Bd7 Na7 66. Kg4 Kg7 67. Kf5 Kf7 68. Ba4 Ke7 69. Bb3 Nc6 70. Bd5 Na7 71. Be4 Nb5 72. Kf4 Ke6 73. Ke3 Kd6 74. Bb7 Kc5 75. Kf4 Kb6 76. Kf5 Nd4+ 77. Ke4 Ne6 78. Bc8 Ng5+ 79. Kf4 Ka7 80. Kg4 Kb6 81. f4 Nf7 82. Bb7 Nd6 83. Kh5 Nb5 84. Kg6 Nd4 85. Kxf6 Ne2 86. f5 Ng3 87. Ke6 Nh5 88. f6 Nf4+ 89. Ke7 Ng6+ 90. Ke8 Ka7 91. f7 Kb6 92. f8Q Nxf8 93. Kxf8 Ka7 94. Ke7 Kb6 95. Kd6 Ka7 96. Kc5 Kb8 97. Kb5 Ka7 98. Bf3 Kb8 99. Kb6 Kc8 100. a7 Kd7 101. a8Q Ke7 102. Qe4+ Kf7 103. Qc6 Kg7 104. Qe6 Kh7 105. Qg4 Kh6 106. Bd5 Kh7 107. Bf7 Kh6 108. Qg6# 1-0

[Event "Titled Tuesday intern op 12th Sep Early"]
[Site "Chess.com INT"]
[Date "2023.09.12"]
[Round "2"]
[White "Ostensen, Nicolai Maxime"]
[Black "Cherniaiev, Tykhon"]
[Result "0-1"]
[WhiteElo "2216"]
[BlackElo "2278"]
[PlyCount "74"]
[EventDate "2023.09.12"]
[EventType "swiss (blitz)"]
[EventRounds "11"]
[EventCountry "USA"]
[SourceTitle "EXT 2024"]
[Source "ChessBase"]
[SourceDate "2023.10.10"]
[SourceVersion "1"]
[SourceVersionDate "2023.10.10"]
[SourceQuality "1"]

1. e4 e5 2. Nf3 Nc6 3. Nc3 Nf6 4. a3 d5 5. Bb5 dxe4 6. Nxe5 Bd7 7. Nxd7 Qxd7 8. 0-0 a6 9. Ba4 b5 10. Bb3 Bc5 11. Qe1 0-0 12. Nxe4 Nxe4 13. Qxe4 Nd4 14. Qd5 Qe7 15. d3 Rad8 16. Qh5 Nxb3 17. cxb3 Rxd3 18. b4 Bd4 19. Qf5 Qe2 20. Bf4 g6 21. Qg5 Re8 22. h4 h5 23. Rac1 c6 24. Bg3 Bxb2 25. Rce1 Qxe1 26. Rxe1 Rxe1+ 27. Kh2 Rd5 28. Qf4 Rdd1 29. Qb8+ Kh7 30. Bf4 Rd4 31. g3 Rde4 32. Qb7 Re7 33. Qxc6 Bd4 34. Qxa6 R7e2 35. g4 Rxf2+ 36. Kg3 Rg1+ 37. Kh3 hxg4# 0-1

[Event "Titled Tuesday intern op 05th Sep Early"]
[Site "Chess.com INT"]
[Date "2023.09.05"]
[Round "6"]
[White "Batbold, Nyamsuren"]
[Black "Cherniaiev, Tykhon"]
[Result "0-1"]
[WhiteElo "2143"]
[BlackElo "2278"]
[PlyCount "176"]
[EventDate "2023.09.05"]
[EventType "swiss (blitz)"]
[EventRounds "11"]
[EventCountry "USA"]
[SourceTitle "EXT 2024"]
[Source "ChessBase"]
[SourceDate "2023.10.10"]
[SourceVersion "1"]
[SourceVersionDate "2023.10.10"]
[SourceQuality "1"]

1. d4 Nf6 2. Nf3 e6 3. c4 d5 4. g3 Be7 5. Bg2 0-0 6. 0-0 dxc4 7. Qc2 a6 8. a4 Bd7 9. Qxc4 Bc6 10. Rd1 a5 11. Qc2 Na6 12. Nc3 Nb4 13. Qb1 Nbd5 14. Bg5 Nxc3 15. bxc3 Ne4 16. Bxe7 Qxe7 17. Qb2 Nd6 18. Ne5 Bxg2 19. Kxg2 c6 20. Qb3 Rfd8 21. Nc4 Ne4 22. Rab1 b5 23. Ne5 Rdc8 24. f3 Nd6 25. c4 f6 26. Nxc6 Rxc6 27. c5 bxa4 28. Qxa4 Qd7 29. cxd6 Rxd6 30. Qxd7 Rxd7 31. Ra1 a4 32. Ra3 Kf7 33. e3 Rc7 34. Rd2 Raa7 35. Rda2 Rc4 36. Kf2 Ke7 37. Ke2 Rc1 38. Rxa4 Rxa4 39. Rxa4 Rc2+ 40. Kd3 Rxh2 41. Ra7+ Kf8 42. g4 h5 43. gxh5 Rxh5 44. Ke4 Rb5 45. Ra6 Kf7 46. Ra7+ Kf8 47. Kf4 e5+ 48. dxe5 Rxe5 49. e4 Rb5 50. Ra8+ Kf7 51. Ra7+ Kg6 52. Kg4 Rg5+ 53. Kf4 Rb5 54. Kg4 Rb4 55. Kf4 Rb1 56. Kg4 Rh1 57. f4 Rg1+ 58. Kf3 Rf1+ 59. Ke3 Re1+ 60. Kf3 Rf1+ 61. Kg3 Re1 62. f5+ Kh6 63. Kf4 Rf1+ 64. Ke3 Re1+ 65. Kd4 Rd1+ 66. Kc4 Rd8 67. Ra1 Kg5 68. Rf1 Kg4 69. Kc5 Kg3 70. e5 fxe5 71. Rg1+ Kf4 72. Rxg7 Kxf5 73. Rg1 e4 74. Rf1+ Ke5 75. Re1 Rc8+ 76. Kb4 Kf4 77. Rf1+ Ke3 78. Re1+ Kd3 79. Rd1+ Ke2 80. Rd7 e3 81. Kb3 Ke1 82. Re7 e2 83. Kb2 Rf8 84. Kc2 Kf2 85. Kd2 Rd8+ 86. Kc2 e1Q 87. Rf7+ Kg3 88. Rg7+ Kh4 0-1

[Event "Titled Tuesday intern op 05th Sep Early"]
[Site "Chess.com INT"]
[Date "2023.09.05"]
[Round "5"]
[White "Ozates, Tuna"]
[Black "Cherniaiev, Tykhon"]
[Result "0-1"]
[WhiteElo "2309"]
[BlackElo "2278"]
[PlyCount "62"]
[EventDate "2023.09.05"]
[EventType "swiss (blitz)"]
[EventRounds "11"]
[EventCountry "USA"]
[SourceTitle "EXT 2024"]
[Source "ChessBase"]
[SourceDate "2023.10.10"]
[SourceVersion "1"]
[SourceVersionDate "2023.10.10"]
[SourceQuality "1"]

1. e4 e5 2. Nf3 Nc6 3. Bb5 a6 4. Ba4 Nge7 5. c3 Ng6 6. d4 exd4 7. cxd4 d5 8. e5 Bg4 9. Bxc6+ bxc6 10. h3 Bxf3 11. Qxf3 Bb4+ 12. Nc3 c5 13. Be3 cxd4 14. Bxd4 c5 15. e6 0-0 16. Bxg7 Kxg7 17. 0-0-0 Qg5+ 18. Kb1 fxe6 19. Ne4 dxe4 20. Rd7+ Kg8 21. Qb3 Qf5 22. a3 e3+ 23. Ka2 exf2 24. Rf1 Be1 25. g4 Qe5 26. h4 Rab8 27. Qc2 Rfd8 28. Rxh7 Qd5+ 29. b3 Kxh7 30. h5 Qd2 31. hxg6+ Kg7 0-1

[Event "Titled Tuesday intern op 29th Aug Early"]
[Site "Chess.com INT"]
[Date "2023.08.29"]
[Round "5"]
[White "Cherniaiev, Tykhon"]
[Black "Baziuk, Vladyslav"]
[Result "1-0"]
[WhiteElo "2278"]
[BlackElo "2211"]
[PlyCount "89"]
[EventDate "2023.08.29"]
[EventType "swiss (blitz)"]
[EventRounds "11"]
[EventCountry "USA"]
[SourceTitle "EXT 2024"]
[Source "ChessBase"]
[SourceDate "2023.10.10"]
[SourceVersion "1"]
[SourceVersionDate "2023.10.10"]
[SourceQuality "1"]

1. Nf3 c5 2. c4 Nc6 3. Nc3 g6 4. g3 Bg7 5. Bg2 e5 6. 0-0 d6 7. a3 a5 8. d3 Nge7 9. Ne1 Be6 10. Nc2 d5 11. cxd5 Nxd5 12. Ne4 b6 13. Ng5 Bc8 14. Ne3 Nde7 15. Qb3 0-0 16. Nc4 Rb8 17. Be3 h6 18. Ne4 Be6 19. Qb5 Bd7 20. Qb3 Be6 21. Qc2 Kh7 22. Rac1 Bd5 23. Ned6 Bxg2 24. Kxg2 Qd7 25. a4 f5 26. f4 Qe6 27. fxe5 Nxe5 28. Nxe5 Bxe5 29. Nc4 Qd5+ 30. Kg1 Bg7 31. Bf4 Rb7 32. e4 fxe4 33. dxe4 Qe6 34. Rcd1 Nc6 35. Rd6 Qe8 36. e5 Nd4 37. Qe4 Rbf7 38. Rxg6 Kg8 39. Nd6 Qxa4 40. Nxf7 Rxf7 41. e6 Rf8 42. e7 Re8 43. Rxg7+ Kxg7 44. Be5+ Kg8 45. Qg6# 1-0

[Event "Titled Tuesday intern op 29th Aug Early"]
[Site "Chess.com INT"]
[Date "2023.08.29"]
[Round "9"]
[White "Gavrilin, Roman"]
[Black "Cherniaiev, Tykhon"]
[Result "0-1"]
[WhiteElo "2156"]
[BlackElo "2278"]
[PlyCount "38"]
[EventDate "2023.08.29"]
[EventType "swiss (blitz)"]
[EventRounds "11"]
[EventCountry "USA"]
[SourceTitle "EXT 2024"]
[Source "ChessBase"]
[SourceDate "2023.10.10"]
[SourceVersion "1"]
[SourceVersionDate "2023.10.10"]
[SourceQuality "1"]

1. e4 e5 2. d4 exd4 3. Qxd4 Nc6 4. Qe3 g6 5. Nc3 Bg7 6. Bd2 Nf6 7. 0-0-0 0-0 8. Bc4 d6 9. f3 Be6 10. Bb3 Bxb3 11. axb3 Re8 12. Qf2 a5 13. h4 a4 14. bxa4 b5 15. axb5 Ra1+ 16. Nb1 Qa8 17. Ne2 Qa2 18. Nec3 Rxb1+ 19. Nxb1 Nxe4 0-1